| 000 | 00595nam a2200181Ia 4500 | ||
|---|---|---|---|
| 008 | 090123s9999 xx 000 0 und d | ||
| 082 |
_b4534 _a891.463/बर्वे |
||
| 100 | _aबर्वे अनिल | ||
| 245 | _aथँक यु मिस्टर ग्लाड | ||
| 250 | _a1 | ||
| 260 |
_bसुलभ मु. _c1977 |
||
| 300 | _a104 | ||
| 600 | _aबर्वे अनिल | ||
| 630 | _aथँक यु मिस्टर ग्लाड | ||
| 700 | _aबर्वे अनिल | ||
| 730 | _aथँक यु मिस्टर ग्लाड | ||
| 942 | _cBOOK | ||
| 999 |
_c42609 _d42609 |
||